00690nam a2200169 a 450000100100000000500170001000800410002704000250006824500540009324601090014726000540025630000200031071000590033004900090038995201050039899900170050300002906220200930055315.0110413s1998 dr 000 0 spa d aDO-SdBNPbspacBNPHU00aEncuentros con candidatos y candidatas a regidor.14aEncuentros con candidatos y candidatas a regidores en las elecciones municipales y congresuales del 1998 aSanto Domingo :bParicipación Ciudadana,c1998. a36 p. ;c28 cm. aCentro de Estudios Sociales Padre Juan Montalvo955966 aBNPD 0010718PDaPDbPDcCTd2011-04-13iLF1l0o p29062-10r2020-06-25w2020-06-25yLFPDZNo se presta c28554d28554